Liedtext - Altes Fieber - Die Toten Hosen - Statistiken

Allgemein
  • Dieses Quiz wurde 135 mal gespielt
  • Das Durchschnittsergebnis liegt bei 101 aus 136
Antwortstatistiken
Antwort % Korrekt
Die
98%
die
98%
alte
96%
sind
96%
Sind
96%
Fieber
95%
Und
95%
und
95%
wir
95%
Wir
95%
diese
94%
es
94%
immer
94%
wieder
93%
zu
91%
An
90%
an
90%
da
88%
Lieder
88%
Das
86%
Zeit
83%
auf
81%
Auf
81%
Dieses
81%
geh’
81%
würde
81%
Als
80%
Wenn
80%
denen
79%
sich
79%
uns
79%
uns,
79%
zusammen
78%
anfühlen
77%
nichts
77%
nie
77%
Tage
77%
Wo
77%
dass
75%
dann
74%
verlieren
74%
dieselben
73%
glaubten
73%
hätten
73%
Geschichten
72%
Ich
72%
ich
72%
stillstehen
72%
unsere
69%
war
69%
raus
68%
geht
67%
von
67%
was
67%
Altpapier
65%
Holen
65%
Kisten
65%
machen
65%
vorüber
65%
Denn
64%
Ein
64%
noch
64%
alle
63%
alle,
63%
Fotos
63%
hier
63%
mal
63%
Erinnern
62%
früher
62%
Haufen
62%
hören
62%
verblasste
62%
bin
60%
gewesen
60%
hochkommt
60%
Musik
59%
Schauen
59%
großer,
57%
In
57%
staubiger
57%
meine
54%
stoßen
54%
Straße
54%
Mit
53%
Seh’
53%
Weiß,
53%
euch
51%
richtig
51%
Drei
49%
Kreuze,
48%
sitzen
48%
unserem
48%
waren
48%
Laden
47%
Lauf’
47%
Glas
46%
jedem
46%
draufgegangen
44%
Höhen
44%
Tiefen
44%
gemeinsam
43%
welchen
43%
Keine übereinstimmenden Quizze gefunden
Verteilung der Resultate
Anzahl Personen mit jedem Resultat
Perzentil nach korrekt beantworteten Fragen
Ihre Resultats-Entwicklung
Sie haben dieses Quiz noch nicht gespielt